[Event "Kaupthing Open"]
[Site "Differdange LUX"]
[Date "2008.05.10"]
[Round "1"]
[White "De Lagontrie,J"]
[Black "Degtiarev,E"]
[Result "0-1"]
[WhiteElo "1987"]
[BlackElo "2350"]

1.d4 Nf6 2.c4 g6 3.Nc3 d5 4.cxd5 Nxd5 5.e4 Nxc3 6.bxc3 Bg7 7.Bc4 O-O 8.Ne2 Nc6
9.Be3 e5 10.O-O exd4 11.cxd4 Na5 12.Bd3 c5 13.d5 b6 14.Rc1 f5 15.f3 fxe4
16.fxe4 Rxf1+ 17.Qxf1 Qe7 18.Qe1 Bg4 19.Nc3 Be5 20.Bf2 c4 21.Bb1 Rf8 22.Bg3 Nb7
23.Bxe5 Qxe5 24.Qe3 Nd6 25.Re1 Re8 26.Qg3 Qxg3 27.hxg3 Re5 28.Rf1 Kg7 29.a4 a6
30.Rf2 b5 31.Rb2 Bd7 32.axb5 axb5 33.Ra2 b4 34.Ne2 Nxe4 35.Bxe4 Rxe4 36.Kf2 Bg4
37.Ra7+ Kf6 38.Nf4 g5 39.Ra6+ Ke5 40.Nh3 Bxh3 41.gxh3 Kxd5 42.Ra5+ Kd4 43.Rxg5 c3
44.Rg7 c2  0-1

[Event "Kaupthing Open"]
[Site "Differdange LUX"]
[Date "2008.05.10"]
[Round "1"]
[White "Brittner,S"]
[Black "Negi,P"]
[Result "0-1"]
[WhiteElo "2250"]
[BlackElo "2514"]

1.d4 Nf6 2.c4 g6 3.Nc3 d5 4.cxd5 Nxd5 5.e4 Nxc3 6.bxc3 Bg7 7.Be3 c5 8.Qd2 Qa5
9.Nf3 Nc6 10.Rb1 O-O 11.Rb5 cxd4 12.Rxa5 dxe3 13.Qxe3 Nxa5 14.Nd4 Bd7 15.Be2 Rfc8
16.O-O Nc4 17.Bxc4 Rxc4 18.e5 Rac8 19.f4 Rxc3 20.Qd2 Ba4 21.h3 e6 22.Rf3 R3c4
23.Rd3 Bf8 24.Kh2 Bb4 25.Qb2 Rd8 26.a3 Bc5 27.Nxe6 Rxd3 28.Nxc5 Rxc5 29.Qb4 Rc2
30.Qxa4 Rdd2 31.e6 Rxg2+ 32.Kh1 Rgd2 33.exf7+ Kxf7 34.Qb3+ Kf6  0-1

[Event "Kaupthing Open"]
[Site "Differdange LUX"]
[Date "2008.05.11"]
[Round "3"]
[White "Bakalarz,G"]
[Black "Jeitz,C"]
[Result "1/2-1/2"]
[WhiteElo "2006"]
[BlackElo "2234"]

1.d4 Nf6 2.c4 g6 3.Nc3 d5 4.cxd5 Nxd5 5.e4 Nxc3 6.bxc3 Bg7 7.Be3 c5 8.Nf3 Qa5
9.Qd2 Nc6 10.Rb1 a6 11.Rc1 cxd4 12.cxd4 Qxd2+ 13.Kxd2 f5 14.e5 h6 15.h4 Be6
16.Bc4 Bxc4 17.Rxc4 Kf7 18.Bf4 Rhd8 19.Ke3 e6 20.Rb1 Rd7 21.g3 Ne7 22.Ke2 b5
23.Rc5 Bf8 24.Bd2 Raa7 25.Ba5 Nd5 26.Rc8 b4 27.Kd3 Be7 28.Nd2 Nc3 29.Ra1 Rd5
30.Nb3 Rad7 31.Rc7 Rxc7 32.Bxc7 Ne4 33.Rf1 Nc5+ 34.Kc4 Na4 35.Rb1 Nc3 36.Rb2 Nb5
37.Bb6 Na3+ 38.Kd3 Nb5 39.Rc2 a5 40.Nxa5 Nxd4 41.Bxd4 Rxa5 42.Kc4 Ra8 43.Kb3 Ra3+
44.Kc4 Ra8  1/2-1/2

[Event "ENCI Limburg Open"]
[Site "Maastricht NED"]
[Date "2008.05.12"]
[Round "7"]
[White "Wang Puchen"]
[Black "Beeke,B"]
[Result "1/2-1/2"]
[WhiteElo "2397"]
[BlackElo "2188"]

1.d4 Nf6 2.c4 g6 3.Nc3 d5 4.cxd5 Nxd5 5.e4 Nxc3 6.bxc3 Bg7 7.Nf3 c5 8.Rb1 O-O
9.Be2 cxd4 10.cxd4 Qa5+ 11.Bd2 Qxa2 12.O-O Bg4 13.d5 b6 14.Bb4 Re8 15.e5 Nd7
16.Ra1 Qb2 17.Rb1 Qa2 18.Ra1  1/2-1/2

[Event "Mayors Cup Open"]
[Site "Mumbai IND"]
[Date "2008.05.12"]
[Round "2"]
[White "Swapnil,SD"]
[Black "Anuprita,P"]
[Result "1-0"]
[WhiteElo "2354"]
[BlackElo "2062"]

1.d4 Nf6 2.c4 g6 3.Nc3 d5 4.cxd5 Nxd5 5.e4 Nxc3 6.bxc3 Bg7 7.Bc4 c5 8.Ne2 O-O
9.O-O Nc6 10.Be3 Bd7 11.Rb1 e6 12.Qd2 Qc7 13.Bf4 e5 14.Bg3 cxd4 15.cxd4 Qa5
16.Qxa5 Nxa5 17.Bb5 Bc6 18.Bxc6 bxc6 19.dxe5 Nc4 20.Rfc1 Nxe5 21.Bxe5 Bxe5
22.Rxc6 Rab8 23.Rxb8 Rxb8 24.f4 Bg7 25.e5 h5 26.Nc3 g5 27.g3 gxf4 28.gxf4 Rb4
29.Nd5 Rb1+ 30.Kg2 Rb2+ 31.Kg3 Rxa2 32.Ne7+ Kh7 33.Nf5 a5 34.Rc7 Kg6 35.Nh4+ Kh7
36.Rxf7 Kg8 37.Ra7 Ra3+ 38.Kg2 Ra2+ 39.Kf3 Rxh2 40.Nf5 Bf8 41.e6 Bc5 42.Rxa5  1-0

[Event "Kaupthing Open"]
[Site "Differdange LUX"]
[Date "2008.05.13"]
[Round "5"]
[White "Degtiarev,E"]
[Black "Ajrapetjan,Y"]
[Result "1/2-1/2"]
[WhiteElo "2350"]
[BlackElo "2504"]

1.d4 Nf6 2.c4 g6 3.Nc3 d5 4.cxd5 Nxd5 5.e4 Nxc3 6.bxc3 Bg7 7.Bc4 c5 8.Ne2 Nc6
9.Be3 O-O 10.O-O Bd7 11.Rb1 Qc7 12.Bd3 Rad8 13.Qc1 Bc8 14.Rd1 a6 15.e5 b5
16.h4 Be6 17.Nf4 Bxa2 18.Rb2 Bc4 19.Bxc4 bxc4 20.Nh3 Qd7 21.f4 Qd5 22.Nf2 cxd4
23.Bxd4 Qe6 24.Be3 f6 25.Rxd8 Rxd8 26.Rb6 fxe5 27.Rxa6 exf4 28.Bxf4 Qd5 29.Qe3 Rf8
30.Bg3 Be5 31.Bxe5 Nxe5 32.Ra2 Nc6 33.Rd2 Qf5 34.Re2 Rf6 35.Qe4 Qc5 36.Qe3 Rf5
37.Qxc5 Rxc5 38.Re4 Kf7 39.Nh3 h6 40.Kf2 e5 41.h5 gxh5 42.Ng1 Kf6 43.Nf3 Ne7
44.Nd2 Nd5 45.Rh4 Kg5 46.Nf3+ Kf6 47.Nd2 Kg6 48.Rxc4 Rxc4 49.Nxc4 Kf6 50.Kg3 e4
51.Nd6 Ke5 52.Nf7+ Ke6 53.Nxh6 Kf6 54.c4 Ne7 55.Kf4 Kg6 56.g4 Kxh6 57.gxh5 Nf5
58.Kxe4 Nd6+  1/2-1/2

[Event "Kaupthing Open"]
[Site "Differdange LUX"]
[Date "2008.05.14"]
[Round "6"]
[White "Linster,P"]
[Black "Jansa,Vl"]
[Result "1/2-1/2"]
[WhiteElo "2104"]
[BlackElo "2489"]

1.d4 Nf6 2.c4 g6 3.Nc3 d5 4.cxd5 Nxd5 5.e4 Nxc3 6.bxc3 Bg7 7.Nf3 c5 8.h3 O-O
9.Be2 b6 10.Be3 Bb7 11.Qd3 e6 12.O-O Nd7 13.a4 Qc7 14.Rfd1 Rfd8 15.Qb1 Rac8
16.Bg5 Bf6 17.Bxf6 Nxf6 18.Bd3 Nh5 19.a5 bxa5 20.Qc1 Nf4 21.Qe3 Nxd3 22.Rxd3 f6
23.h4 h5 24.e5 Bxf3 25.Qxf3 f5 26.Qf4 Kh7 27.Rg3 cxd4 28.cxd4 Rd5 29.Qg5 Qf7
30.Rb1 Rd7 31.Ra1 Rc4 32.Rxa5 Rcxd4 33.Ra6 f4 34.Rf3 Qe7 35.Rfa3 Rd1+ 36.Kh2 R1d5
37.Qxe7+ Rxe7 38.Rxa7 Rxa7 39.Rxa7+ Kh6 40.Rf7  1/2-1/2

[Event "Mayors Cup Open"]
[Site "Mumbai IND"]
[Date "2008.05.15"]
[Round "6"]
[White "Snehal,B"]
[Black "Purushothaman,T"]
[Result "1-0"]
[WhiteElo "2056"]
[BlackElo "2290"]

1.d4 Nf6 2.c4 g6 3.Nc3 d5 4.cxd5 Nxd5 5.e4 Nxc3 6.bxc3 Bg7 7.Be3 c5 8.Qd2 O-O
9.Nf3 Qa5 10.Rc1 Nc6 11.d5 Rd8 12.Bd3 Ne5 13.Nxe5 Bxe5 14.O-O Qc7 15.f4 Bg7
16.c4 e6 17.Qf2 b6 18.f5 exf5 19.exf5 Re8 20.f6 Bf8 21.Bf4 Bd6 22.Qg3 Bxf4
23.Rxf4 Bd7 24.Rcf1 Re5 25.Re4 Rae8 26.Rfe1 Rxe4 27.Qxc7 Rxe1+ 28.Kf2 Bf5
29.Bxf5 R1e2+ 30.Kf3 R8e3+ 31.Kg4 gxf5+ 32.Kh5  1-0

[Event "Mayors Cup Open"]
[Site "Mumbai IND"]
[Date "2008.05.15"]
[Round "6"]
[White "Thatte,A"]
[Black "Akash,P"]
[Result "1-0"]
[WhiteElo "2136"]
[BlackElo "1891"]

1.d4 Nf6 2.c4 g6 3.Nc3 d5 4.cxd5 Nxd5 5.e4 Nxc3 6.bxc3 Bg7 7.Nf3 O-O 8.Be3 c5
9.Qd2 Qa5 10.Rc1 Bg4 11.Be2 Nc6 12.d5 Bxf3 13.gxf3 Rad8 14.O-O e6 15.Qb2 exd5
16.Qxb7 d4 17.Bg5 f6 18.Bf4 Ne5 19.cxd4 Rxd4 20.Be3 Rd7 21.Qb1 Rc7 22.f4 Nf7
23.Rfd1 Nd8 24.Qb5 Qxb5 25.Bxb5 Nb7 26.Ba6 Re8 27.Rb1 Na5 28.f3 Bf8 29.Rbc1 c4
30.Bd2 Bc5+ 31.Kg2 Bb6 32.Bc3 Kf7 33.Rd5 Nb7 34.Rcd1 Nc5 35.Bxc4 Ne6 36.Rd7+ Rxd7
37.Rxd7+ Re7 38.Rd6 Bc7 39.Rc6 Bxf4 40.Bb4 Re8 41.Ra6 Bb8 42.Bc5 g5 43.a4 h6
44.a5 h5 45.h3 h4 46.Bd5 Be5 47.Bxa7 Bf4 48.Bf2 Bb8 49.Rxe6 Rxe6 50.a6 Ke7
51.Bxe6 Kxe6 52.a7 Bxa7 53.Bxa7 f5 54.exf5+ Kxf5 55.Bb8  1-0

[Event "Kaupthing Open"]
[Site "Differdange LUX"]
[Date "2008.05.16"]
[Round "8"]
[White "Istratescu,A"]
[Black "Gupta,Ab"]
[Result "1/2-1/2"]
[WhiteElo "2628"]
[BlackElo "2521"]

1.d4 Nf6 2.c4 g6 3.Nc3 d5 4.cxd5 Nxd5 5.e4 Nxc3 6.bxc3 Bg7 7.Nf3 c5 8.Be2 Nc6
9.Be3 Bg4 10.e5 cxd4 11.cxd4 Qa5+ 12.Nd2 Bxe2 13.Qxe2 Qc3 14.O-O Nxd4 15.Bxd4 Qxd4
16.Nf3 Qa4 17.Rac1 O-O 18.Rc7 e6 19.Rxb7 Rab8 20.Rfb1 Rxb7 21.Rxb7 Rc8 22.g3 Rc1+
23.Kg2 Qc6 24.Qb5 Qxb5 25.Rxb5 Rc2 26.Rb8+ Bf8 27.Ng5 Rxa2 28.Nxh7  1/2-1/2

[Event "Mayors Cup Open"]
[Site "Mumbai IND"]
[Date "2008.05.16"]
[Round "8"]
[White "Snehal,B"]
[Black "Padmini,R"]
[Result "1/2-1/2"]
[WhiteElo "2056"]
[BlackElo "2238"]

1.d4 Nf6 2.c4 g6 3.Nc3 d5 4.cxd5 Nxd5 5.e4 Nxc3 6.bxc3 Bg7 7.Be3 O-O 8.Qd2 c5
9.Nf3 cxd4 10.cxd4 Nc6 11.h3 b6 12.Rc1 Na5 13.Bh6 Bb7 14.Bd3 Rc8 15.O-O Qd6
16.Bxg7 Kxg7 17.Qb2 Kg8 18.Rxc8 Rxc8 19.Rc1 Rd8 20.Rc3 e6 21.Qc1 Nc6 22.Qh6 Qf8
23.Qf4 Qd6 24.e5 Qe7 25.a3 Kg7 26.Be4 Rc8 27.d5 exd5 28.Bxd5 Nxe5 29.Re3 Nxf3+
30.Bxf3 Rc1+ 31.Kh2 Qc7 32.Qxc7 Rxc7 33.Bxb7 Rxb7 34.Kg3 Rd7 35.Kf3 Rd4 36.Rb3 Ra4
37.Ke3 g5 38.g3 Kg6 39.Kf3 f5 40.Ke3 h5 41.f4 h4 42.fxg5 hxg3 43.Kf3 f4 44.h4 Kh5
45.Rd3 Kxh4 46.g6 Ra5 47.Rd8 Rxa3+ 48.Kxf4 Ra4+ 49.Kf3 Ra3+ 50.Kf4 Ra4+ 51.Kf3 Ra3+
52.Kf4 Ra4+ 53.Kf3  1/2-1/2

[Event "Mayors Cup Open"]
[Site "Mumbai IND"]
[Date "2008.05.17"]
[Round "9"]
[White "Thatte,A"]
[Black "Pratyusha,B"]
[Result "1-0"]
[WhiteElo "2136"]
[BlackElo "1922"]

1.d4 Nf6 2.c4 g6 3.Nc3 d5 4.cxd5 Nxd5 5.e4 Nxc3 6.bxc3 Bg7 7.Be3 c5 8.Nf3 Qa5
9.Qd2 Bg4 10.Rc1 O-O 11.d5 Rd8 12.c4 Qa3 13.Bd3 Na6 14.O-O Rac8 15.Ng5 h6
16.h3 Nb4 17.Bb1 Bb2 18.Nxf7 Kxf7 19.hxg4 Bxc1 20.Rxc1 h5 21.gxh5 gxh5 22.e5 Rg8
23.Rc3 Qa5 24.Bh6 Ke8 25.e6 Kd8 26.d6 Qa4 27.Bh7 Rh8 28.dxe7+ Kc7 29.Bf4+ Kb6
30.Qd6+ Qc6 31.Bg6 Rhg8 32.Rg3 h4 33.Rg5 Qxd6 34.Bxd6 Nd3 35.e8=Q Rcxe8 36.Bxe8 Rxe8
37.e7 Kc6 38.Rd5 Nb4 39.Rd2 Nxa2 40.f4 Nc3 41.Be5 Ne4 42.Re2 Ng3 43.Ra2 a6
44.Bf6 Nf5 45.Re2 Kd7 46.Rd2+ Kc7 47.Rd8 Nd6 48.Be5 Rxd8 49.exd8=Q+ Kxd8
50.Bxd6 b6 51.Kh2 Kd7 52.Be5 b5 53.cxb5 axb5 54.Kh3 Ke6 55.Kxh4 Kf5 56.g4+ Ke4
57.g5 c4 58.g6 b4 59.g7 c3 60.g8=Q  1-0

[Event "ch-Catalunya"]
[Site "Barcelona ESP"]
[Date "2008.05.18"]
[Round "1.2"]
[White "Simonet,M"]
[Black "Fluvia Poyatos,Jor"]
[Result "1/2-1/2"]
[WhiteElo "2299"]
[BlackElo "2504"]

1.d4 Nf6 2.c4 g6 3.Nc3 d5 4.cxd5 Nxd5 5.e4 Nxc3 6.bxc3 Bg7 7.Be3 c5 8.Qd2 Qa5
9.Nf3 O-O 10.Rc1 Rd8 11.d5 e6 12.c4 Qxd2+ 13.Nxd2 Na6 14.Be2 b6 15.O-O Nb4
16.a3 Na2 17.Rc2 Nc3 18.Re1 Nxe2+ 19.Rxe2 Ba6 20.Re1 exd5 21.exd5 Re8 22.Rd1 Bc8
23.Nf3 Bd7 24.Ra2 Ba4 25.Rb1 Rad8 26.h3 h6 27.Nd2 Kh7 28.Nb3 Re4 29.Nd2 Ree8
30.Nb3 Re4 31.Nd2 Ree8 32.Nb3  1/2-1/2

[Event "TCh-HUN 2007-8"]
[Site "Budapest HUN"]
[Date "2008.05.18"]
[Round "11"]
[White "Petran,Pa"]
[Black "Varadi,V"]
[Result "1/2-1/2"]
[WhiteElo "2337"]
[BlackElo "2443"]

1.d4 Nf6 2.c4 g6 3.Nc3 d5 4.cxd5 Nxd5 5.e4 Nxc3 6.bxc3 Bg7 7.Bc4 c5 8.Ne2 O-O
9.O-O Nc6 10.Be3 Bg4 11.f3 Na5 12.Bd3 cxd4 13.cxd4 Be6 14.d5 Bxa1 15.Qxa1 f6
16.Qd4 Bf7 17.Bh6 Re8 18.Bb5 e5 19.Qf2 Re7 20.f4 exf4 21.Qxf4 Qb6+ 22.Kh1 Bxd5
23.exd5 Qxb5 24.Qxf6 Qe8 25.Qd4 Rd8 26.h3 Rf7 27.Rxf7 Qxf7 28.Qc3 b6 29.Ng3 Re8
30.Qd4 g5 31.Bxg5 Qg7 32.Qh4 Qg6 33.Be7 Rxe7 34.Qxe7 Qxg3 35.d6 Qg7 36.Qc7 Qa1+
37.Kh2 Qe5+ 38.Kh1 Qa1+ 39.Kh2 Qe5+  1/2-1/2

[Event "Mayors Cup Open"]
[Site "Mumbai IND"]
[Date "2008.05.18"]
[Round "10"]
[White "Kulkarni,R"]
[Black "Kiran,M"]
[Result "0-1"]
[WhiteElo "2181"]
[BlackElo "2316"]

1.d4 Nf6 2.c4 g6 3.Nc3 d5 4.cxd5 Nxd5 5.e4 Nxc3 6.bxc3 Bg7 7.Nf3 O-O 8.Be3 c5
9.Rc1 cxd4 10.cxd4 Qa5+ 11.Qd2 Qxd2+ 12.Nxd2 Nc6 13.d5 Na5 14.Bc5 Bd7 15.Bd3 Rfc8
16.Ke2 e6 17.Bb4 b6 18.Bxa5 bxa5 19.d6 Rd8 20.Rc7 e5 21.Ba6 Bf8 22.Nc4 Bxd6
23.Nxd6 Bg4+ 24.f3 Rxd6 25.fxg4 Rxa6 26.Rf1 Rf8 27.Rc5 Rb6 28.Rd1 Rb2+ 29.Rd2 Rfb8
30.Rxa5 Rxd2+ 31.Kxd2 Rb2+ 32.Ke3 Rxg2 33.Rxa7 Rxg4 34.a4 Rh4 35.Re7 Rxh2
36.Rxe5 Ra2 37.a5 Kg7 38.Rb5 Ra4 39.Kf3 h5 40.Rc5 h4 41.Re5 h3 42.Kg3 Kf6
43.Rb5 Rxe4 44.Kxh3 Ra4 45.Kg3 Kg7 46.Kf3 f5 47.Ke3 Kf6 48.Rb6+ Kg5 49.a6 Kh5
50.Kd3 g5 51.Kc3 f4 52.Kb3 Ra1 53.Kb4 f3 54.Rf6 Kg4 55.Kb5 Kg3 56.Kb6 g4
57.Rf5 f2 58.a7 Rxa7 59.Kxa7 Kg2  0-1

[Event "Capo d'Orso Open"]
[Site "Porto Mannu Palau ITA"]
[Date "2008.05.20"]
[Round "5"]
[White "Burlando,A"]
[Black "Marin,Mi"]
[Result "0-1"]
[WhiteElo "2141"]
[BlackElo "2556"]

1.d4 Nf6 2.c4 g6 3.Nc3 d5 4.cxd5 Nxd5 5.e4 Nxc3 6.bxc3 Bg7 7.Nf3 c5 8.Rb1 O-O
9.Be2 b6 10.O-O Bb7 11.e5 cxd4 12.cxd4 Bd5 13.a4 Nc6 14.Be3 Qd7 15.Qd2 Rfd8
16.Rfd1 Rac8 17.Ba6 Rc7 18.Ne1 Na5 19.Bb5 Qf5 20.Qe2 Bc4 21.Bxc4 Rxc4 22.Rbc1 Rdc8
23.Rxc4 Rxc4 24.Rc1 Qc8 25.Rxc4 Qxc4 26.Qxc4 Nxc4 27.Nd3 Kf8 28.Kf1 Ke8 29.Ke2 Kd7
30.Bc1 e6 31.Ne1 a6 32.Kd3 b5 33.axb5 axb5 34.Nf3 h6 35.Ng1 Nb6 36.Ba3 Nd5
37.Ne2 b4 38.Bc1 Kc6 39.Kc4 Bf8 40.Be3 Nb6+ 41.Kb3 Kb5 42.Ng3 Nc4 43.Ne4 Na5+
44.Kc2 b3+ 45.Kb2 Ka4 46.Nc5+ Bxc5 47.dxc5 Nc4+ 48.Kb1 Nxe3 49.fxe3 Kb5  0-1

[Event "Capo d'Orso Open"]
[Site "Porto Mannu Palau ITA"]
[Date "2008.05.23"]
[Round "8"]
[White "Cardili,M"]
[Black "De Jong,JW"]
[Result "0-1"]
[WhiteElo "2118"]
[BlackElo "2474"]

1.d4 Nf6 2.c4 g6 3.Nc3 d5 4.cxd5 Nxd5 5.e4 Nxc3 6.bxc3 Bg7 7.Bc4 c5 8.Ne2 Nc6
9.Be3 O-O 10.O-O Qc7 11.Rc1 Rd8 12.Bf4 Qd7 13.d5 Na5 14.Bd3 e6 15.c4 b5 16.cxb5 c4
17.Bxc4 Nxc4 18.Rxc4 Qxb5 19.Qa4 Ba6 20.Qxb5 Bxb5 21.Rc2 exd5 22.exd5 Rxd5
23.Rfc1 Rad8 24.h3 R5d7 25.Be3 h6 26.Kh2 Bf8 27.Nf4 Ba3 28.Rg1 Kh7 29.Rb1 a6
30.Rg1 Re8 31.Kh1 g5 32.Nh5 Kg6 33.Ng3 f5 34.Bc1 Bb4 35.Bb2 f4 36.a4 Bxa4
37.Rc4 a5 38.Nf1 Rd1 39.Rc1 Ree1 40.Rxd1 Rxd1 41.h4 g4 42.Nh2 h5 43.Rxd1 Bxd1
44.Kg1 a4  0-1

[Event "XXVII Open"]
[Site "Zalakarosi HUN"]
[Date "2008.05.23"]
[Round "2"]
[White "Kahn,E"]
[Black "Groszpeter,A"]
[Result "0-1"]
[WhiteElo "2358"]
[BlackElo "2539"]

1.d4 Nf6 2.c4 g6 3.Nc3 d5 4.cxd5 Nxd5 5.e4 Nxc3 6.bxc3 Bg7 7.Nf3 c5 8.Rb1 O-O
9.Be2 b6 10.O-O Bb7 11.e5 cxd4 12.cxd4 Na6 13.d5 Nc7 14.d6 exd6 15.Ba3 Nd5
16.Qd2 dxe5 17.Bxf8 Qxf8 18.Bc4 Rd8 19.Rfd1 Bf6 20.Ng5 Nf4 21.Qxd8 Bxd8 22.Nxf7 Be7
23.Nxe5+ Kg7 24.Rd7 Bxg2 25.Re1 Bc6  0-1

[Event "NAO Open"]
[Site "Oklahoma USA"]
[Date "2008.05.24"]
[Round "4"]
[White "Holt,C"]
[Black "Mc Entee,T"]
[Result "1/2-1/2"]
[WhiteElo "2175"]
[BlackElo "2147"]

1.d4 Nf6 2.c4 g6 3.Nc3 d5 4.cxd5 Nxd5 5.e4 Nxc3 6.bxc3 Bg7 7.Bg5 h6 8.Be3 O-O
9.Qd2 Kh7 10.Nf3 c5 11.Be2 Qa5 12.Rc1 Rd8 13.d5 e6 14.c4 Qxd2+ 15.Nxd2 b6
16.O-O Na6 17.g3 Nc7 18.Bf3 Rb8 19.Bg2 f5 20.Bf4 e5 21.Be3 Ne8 22.f4 Nd6
23.fxe5 Bxe5 24.Bf4 Re8 25.Bxe5 Rxe5 26.Rce1 Ba6 27.exf5 Rbe8 28.fxg6+ Kxg6
29.Rxe5 Rxe5 30.Rf4 Re2 31.Ne4 Nxc4 32.Bf1 Rxa2 33.Nxc5 bxc5 34.Bxc4 Ra1+
35.Kf2 Bb7 36.Bd3+ Kg7 37.d6 Bc6 38.Rf5 c4 39.Bxc4 Rd1 40.Ra5 Rxd6 41.Rxa7+ Rd7
42.Ra6 Be4 43.Ke3 Bg6 44.Re6 Rc7 45.Bd3 Bf7 46.Rb6 Re7+ 47.Kf4 Re6 48.Rb7 Rd6
49.Be4 Kf6 50.Rb8 Kg7 51.g4 Bg6 52.Ke5 Ra6 53.Rb7+ Kh8 54.Bxg6 Rxg6 55.Kf5 Ra6
56.h4 Rc6 57.Rf7 Rc4 58.Rd7 Kg8 59.g5 Rc8 60.Kg6 Ra8  1/2-1/2

[Event "NAO Open"]
[Site "Oklahoma USA"]
[Date "2008.05.25"]
[Round "5"]
[White "Mc Entee,T"]
[Black "Chua,A"]
[Result "1/2-1/2"]
[WhiteElo "2147"]
[BlackElo "2279"]

1.d4 Nf6 2.c4 g6 3.Nc3 d5 4.cxd5 Nxd5 5.e4 Nxc3 6.bxc3 Bg7 7.Bc4 O-O 8.Ne2 Nc6
9.O-O Na5 10.Bd3 Be6 11.h4 Bc4 12.h5 Bxd3 13.Qxd3 c5 14.Rb1 c4 15.Qg3 Qd7
16.f4 Qe6 17.Qf3 f5 18.Ng3 Qd7 19.hxg6 hxg6 20.exf5 gxf5 21.Ba3 Rf6 22.Rfe1 e6
23.Re5 Qa4 24.Nh5 Qxa3 25.Rxa5 Qxa5 26.Rxb7 Rg6 27.Rxg7+ Rxg7 28.Qxa8+ Kh7
29.Nxg7 Qxc3 30.Nxf5 Qc1+ 31.Kh2 Qxf4+ 32.Kg1 Qxf5 33.Qxa7+ Kg6 34.Qa3 Qb1+
35.Kh2  1/2-1/2

[Event "Mitropa Cup m"]
[Site "Olbia ITA"]
[Date "2008.05.27"]
[Round "3"]
[White "Benitah,Y"]
[Black "Borisek,J"]
[Result "0-1"]
[WhiteElo "2425"]
[BlackElo "2522"]

1.d4 Nf6 2.c4 g6 3.Nc3 d5 4.cxd5 Nxd5 5.e4 Nxc3 6.bxc3 Bg7 7.Bc4 c5 8.Ne2 Nc6
9.Be3 O-O 10.O-O Na5 11.Bd3 b6 12.Rc1 e5 13.d5 f5 14.exf5 gxf5 15.c4 Nb7
16.f4 e4 17.Bc2 Nd6 18.Ba4 Bd7 19.Qb3 Bxa4 20.Qxa4 Rf6 21.h3 Rg6 22.Kh2 Qh4
23.Qd1 Kh8 24.Qe1 Qe7 25.Rg1 Rg8 26.Rc2 Bf6 27.Qf2 Bh4 28.Qf1 Bf6 29.Qf2 Nf7
30.Bd2 Nh6 31.Rc3 Qf7 32.Ra3 R6g7 33.Kh1 Qh5 34.Qf1 Bd4 35.Bc3 Bxc3 36.Rxc3 Ng4
37.Rg3 h6 38.a4 Kh7 39.Qe1 e3 40.Rf1 Nf2+ 41.Kh2 Rxg3 42.Nxg3 Qh4  0-1

[Event "ch-CHN"]
[Site "Beijing CHN"]
[Date "2008.05.30"]
[Round "2"]
[White "Zhou Jianchao"]
[Black "Ni Hua"]
[Result "1/2-1/2"]
[WhiteElo "2580"]
[BlackElo "2704"]

1.d4 Nf6 2.c4 g6 3.Nc3 d5 4.cxd5 Nxd5 5.e4 Nxc3 6.bxc3 Bg7 7.Bc4 c5 8.Ne2 Nc6
9.Be3 O-O 10.O-O Qc7 11.Rc1 Rd8 12.Bf4 Qd7 13.dxc5 Qe8 14.Qa4 Bd7 15.Qa3  1/2-1/2

[Event "TCh-FRA Top 16 Poule Haute"]
[Site "Evry FRA"]
[Date "2008.05.30"]
[Round "9"]
[White "Nezar,M"]
[Black "Kazhgaleyev,M"]
[Result "0-1"]
[WhiteElo "2397"]
[BlackElo "2617"]

1.d4 Nf6 2.c4 g6 3.Nc3 d5 4.cxd5 Nxd5 5.e4 Nxc3 6.bxc3 Bg7 7.Ba3 O-O 8.Bc4 b6
9.Nf3 Bb7 10.Qe2 c5 11.O-O Nd7 12.e5 e6 13.Nd2 a6 14.Bd3 Qc7 15.Ne4 Rfd8
16.f4 Bf8 17.Bb2 b5 18.Rf3 Rac8 19.h4 cxd4 20.cxd4 Bxe4 21.Bxe4 Nb6 22.Rc1 Qxc1+
23.Bxc1 Rxc1+ 24.Rf1 Rxf1+ 25.Kxf1 Rxd4 26.g3 Nc4 27.Bd3 h5 28.Kg2 Nb6 29.Bc2 Bb4
30.Kh3 Nd5 31.Bb3 Ne7 32.Qf3 a5 33.a3 Bc5 34.Qa8+ Kg7 35.Qxa5 Rd3 36.Qxb5 Rc3
37.Qb7 Bxa3 38.Kh2 Bc5 39.Kg2 Rd3 40.Bc4 Rd2+ 41.Kf1 Rc2 42.Bd3 Rc3 43.Ke2 Nd5
44.Kd2 Ra3 45.Bc4 Ne7 46.Bd3 Ra2+ 47.Bc2 Nf5 48.Qb1 Ra3 49.Bxf5 gxf5 50.Qd1 Rxg3
51.Qxh5 Be3+ 52.Kd3 Bxf4+ 53.Kd4 Rg4 54.Kd3 Bxe5 55.Ke3 Bf6 56.Ke2 Rxh4 57.Qf3 Rg4
58.Qa8 e5 59.Qc8 Kg6 60.Qg8+ Bg7 61.Ke3 Re4+ 62.Kf3 Rd4 63.Qb8 Rd3+ 64.Ke2 e4
65.Qb6+ Bf6 66.Qb8 Ra3 67.Qg8+ Bg7 68.Qd8 Ra2+ 69.Kf1 Rb2 70.Qd6+ Bf6 71.Qg3+ Bg5
72.Qd6+ f6 73.Qe6 e3 74.Qe8+ Kg7 75.Qe7+ Kh6 76.Qf8+ Kh5 77.Qe8+ Kg4 78.Qg8 f4
79.Qe6+ Kg3 80.Qe4 f3  0-1

[Event "ch-CHN"]
[Site "Beijing CHN"]
[Date "2008.05.31"]
[Round "3"]
[White "Ding Liren"]
[Black "Zhou Jianchao"]
[Result "0-1"]
[WhiteElo "2395"]
[BlackElo "2580"]

1.d4 Nf6 2.c4 g6 3.Nc3 d5 4.cxd5 Nxd5 5.e4 Nxc3 6.bxc3 Bg7 7.Nf3 c5 8.Rb1 O-O
9.Be2 cxd4 10.cxd4 Qa5+ 11.Bd2 Qxa2 12.O-O b6 13.Qc1 Qe6 14.Bc4 Qxe4 15.Re1 Qb7
16.Bb4 Bf6 17.Qh6 Nc6 18.Bd5 Be6 19.Rxe6 fxe6 20.Bxe6+ Kh8 21.Bc3 Rg8 22.Ng5 Rg7
23.Rb3 Qc7 24.Nf7+ Rxf7 25.Bxf7 e6 26.d5 Qxf7 27.dxc6 e5 28.Ra3 Rc8 29.h4 a5
30.Qe3 Rxc6 31.Bxe5 Re6 32.Bxf6+ Qxf6 33.Qc1 Qe7 34.Qb2+ Qf6 35.Qc1 Qe7 36.Qb2+ Kg8
37.Qa2 Kg7 38.Qb2+ Qf6 39.Qd2 Qxh4 40.Rh3 Qe7 41.Rd3 Re1+ 42.Kh2 Re2 43.Qf4 h5
44.g3 Qf7  0-1

[Event "Open"]
[Site "Conegliano ITA"]
[Date "2008.06.01"]
[Round "4"]
[White "Lavric,M"]
[Black "Gorshkova,I"]
[Result "0-1"]
[WhiteElo "2009"]
[BlackElo "2158"]

1.d4 Nf6 2.c4 g6 3.Nc3 d5 4.cxd5 Nxd5 5.e4 Nxc3 6.bxc3 Bg7 7.Bc4 c5 8.Ne2 O-O
9.O-O Nc6 10.Be3 Na5 11.Bd3 c4 12.Bc2 b6 13.f4 e6 14.Qe1 f5 15.Qg3 Nc6 16.h4 Bb7
17.h5 Ne7 18.hxg6 hxg6 19.e5 Kf7 20.Kf2 Rh8 21.Rh1 Qd7 22.Rxh8 Rxh8 23.Rb1 Nd5
24.Bd2 Bf8 25.Ng1 Be7 26.Nf3 Bc6 27.Ng5+ Bxg5 28.Qxg5 Ba4 29.Bxa4 Qxa4 30.Rb2 Qd1
31.Be1 Qc1 32.Re2 Qxf4+ 33.Qxf4 Nxf4 34.Re3 Nd3+ 35.Kg1 g5 36.Bd2 Kg6 37.Rh3 Rxh3
38.gxh3 f4 39.Kg2 Kf5 40.Kf3 b5 41.Ke2 Ke4 42.a3 a6 43.Be1 f3+ 44.Kf1 Nf4
45.Kf2 Nxh3+ 46.Kg3 g4 47.Kxg4 f2 48.Bxf2 Nxf2+ 49.Kg5 Nd1 50.Kf6 Kd5  0-1

[Event "ch-FIN"]
[Site "Mantta FIN"]
[Date "2008.06.04"]
[Round "3"]
[White "Nyback,T"]
[Black "Luukkonen,T"]
[Result "1-0"]
[WhiteElo "2587"]
[BlackElo "2263"]

1.d4 Nf6 2.c4 g6 3.Nc3 d5 4.cxd5 Nxd5 5.e4 Nxc3 6.bxc3 Bg7 7.Nf3 c5 8.Rb1 O-O
9.Be2 b6 10.O-O Bb7 11.Qd3 Ba6 12.Qc2 cxd4 13.Bxa6 Nxa6 14.cxd4 Qd7 15.Ba3 Rac8
16.Qe2 Qa4 17.Bxe7 Rfe8 18.Bd6 Rc2 19.Qd3 Rxa2 20.Rfc1 Bh6 21.Rc4 Qd7 22.e5 b5
23.Rc3 Ra5 24.Nd2 b4 25.Ne4 Bg7 26.Rc2 Qe6 27.Qc4 Qd5 28.Qc6 Qxc6 29.Rxc6 Ra2
30.Kf1 Nb8 31.Rc7 a5 32.Rbc1  1-0

[Event "ch-URU"]
[Site "Montevideo URU"]
[Date "2008.06.05"]
[Round "8"]
[White "Guerrero,Alv"]
[Black "Gonzalez,Na"]
[Result "1-0"]
[WhiteElo "2216"]
[BlackElo "2120"]

1.d4 Nf6 2.c4 g6 3.Nc3 d5 4.cxd5 Nxd5 5.e4 Nxc3 6.bxc3 Bg7 7.Rb1 O-O 8.Nf3 c5
9.Be2 cxd4 10.cxd4 Qa5+ 11.Qd2 Qxd2+ 12.Bxd2 e6 13.O-O b6 14.Ne5 Bb7 15.f3 Rd8
16.Be3 Nc6 17.Nxc6 Bxc6 18.Rfc1 Be8 19.e5 f6 20.f4 g5 21.g3 Rac8 22.Ba6 Rxc1+
23.Rxc1 gxf4 24.gxf4 f5 25.Rc7 Bh6 26.Rxa7 Bc6 27.Bc4 Re8 28.Ra6 Kh8 29.Rxb6 Rg8+
30.Kf1 Bg2+ 31.Ke1 Rc8 32.Bxe6 Ra8 33.Bxf5 Bf8 34.Be6 Be7 35.Bf2 h5 36.f5 Bd8
37.Rb2 Ba5+ 38.Ke2 Bc3 39.Rc2 Ra3 40.Bb3 Bb4 41.Rc8+ Kh7 42.Rc7+ Kh8 43.Bh4  1-0

[Event "ch-CHN"]
[Site "Beijing CHN"]
[Date "2008.06.06"]
[Round "9"]
[White "Zhou Jianchao"]
[Black "Li Chao"]
[Result "1/2-1/2"]
[WhiteElo "2580"]
[BlackElo "2320"]

1.d4 Nf6 2.c4 g6 3.Nc3 d5 4.cxd5 Nxd5 5.e4 Nxc3 6.bxc3 Bg7 7.Bc4 c5 8.Ne2 Nc6
9.Be3 O-O 10.O-O Na5 11.Bd3 b6 12.Rc1 e5 13.dxc5 Be6 14.c4 bxc5 15.Bxc5 Bh6
16.f4 Re8 17.Be3 Re7 18.Qc2 Rd7 19.Rcd1 Bg4 20.h3 exf4 21.Bxf4  1/2-1/2

[Event "115th ch-SCO"]
[Site "Glasgow SCO"]
[Date "2008.06.06"]
[Round "2"]
[White "Muir,A"]
[Black "Hilton,S"]
[Result "1-0"]
[WhiteElo "2360"]
[BlackElo "1936"]

1.d4 Nf6 2.c4 g6 3.Nc3 d5 4.cxd5 Nxd5 5.e4 Nxc3 6.bxc3 Bg7 7.Nf3 O-O 8.Be2 c5
9.Rb1 cxd4 10.cxd4 Qa5+ 11.Bd2 Qxa2 12.O-O Qe6 13.Qc2 a6 14.d5 Qd7 15.Rb6 Qe8
16.Bf4 Nd7 17.Rb4 a5 18.Rbb1 a4 19.Bb5 a3 20.Qa2 Qd8 21.Bc1 Nc5 22.Re1 Bd7
23.Bxa3 Qa5 24.Bxd7 Qxa3 25.Qxa3 Rxa3 26.Bb5 Bh6 27.e5 Rd8 28.Rbd1 Rb3 29.Bf1 Rb2
30.Rd4 b5 31.d6 exd6 32.Rxd6 Ra8 33.Rd5 Ne6 34.Rxb5 Raa2 35.Rxb2 Rxb2 36.Rd1 Bf8
37.g3 Bc5 38.Rd2 Rb1 39.Kg2 g5 40.h3 h5 41.Bc4 g4 42.hxg4 hxg4 43.Nh2  1-0

[Event "XXX Nezhmetdinov Mem"]
[Site "Kazan RUS"]
[Date "2008.06.06"]
[Round "6"]
[White "Dimukhametov,A"]
[Black "Yandemirov,V"]
[Result "0-1"]
[WhiteElo "2295"]
[BlackElo "2463"]

1.d4 Nf6 2.c4 g6 3.Nc3 d5 4.cxd5 Nxd5 5.e4 Nxc3 6.bxc3 Bg7 7.Bc4 O-O 8.Ne2 c5
9.O-O Nc6 10.Be3 Bd7 11.Qd2 cxd4 12.cxd4 Qa5 13.Qxa5 Nxa5 14.Bd3 Rfc8 15.Rac1 a6
16.Bd2 Nc6 17.Bc3 b5 18.e5 e6 19.Be4 Rab8 20.Rc2 Bf8 21.Rfc1 Ba3 22.Bxc6 Bxc6
23.Bb2 Bxb2 24.Rxb2 Bd5 25.f3 Rc4 26.Rxc4 Bxc4 27.Nc3 b4 28.Kf2 a5 29.Ke3 Kf8
30.Na4 Ke7 31.Nc5 Bd5 32.Kd3 Ra8 33.h3 Kd8 34.Rc2 a4 35.Rb2 a3 36.Rxb4 Bxa2
37.Kc2 Bd5 38.Ra4 Rxa4 39.Nxa4 Kc7 40.Kc3 Kc6 41.Nc5 a2 42.Kb2 Kb5 43.Nd7 Kc4
44.Kxa2 Kxd4+ 45.Kb2 Bc6 46.Nf6 h5 47.Kc2 Kxe5 48.Nh7 Kf4 49.Kd2 h4 50.Ke2 Kf5
51.g4+ hxg3 52.h4 f6 53.f4 Kxf4 54.Nxf6 Bb5+ 55.Ke1 Kf3  0-1